000 00788nam a2200229 a 4500
999 _c12456
_d12456
001 12456
003 BD-JhCC
005 20220219084057.0
008 220219b2006 bg |||| ||a| 001 0 ben d
020 _a9848203457
035 _a(BD-JhCC)12456
040 _aBD-JhCC
_dBD-JhCC
041 _aBengali
082 _a350
_bNOO 2006
100 _aনুর,আবদুন
245 _aলোক-প্রশাসন :
_bসংগঠন,প্রক্রিয়া ও অনুচিন্তা /
_cআবদুন নুর।
260 _aঢাকা :
_bবাংলাদেশ ইনস্টিটিউট অব ইসলামিক থ্যট;
_c২০০৬.
300 _a247 p. :
_c22 cm.
650 _aPublic Administration
942 _2ddc
_cBK